000 00626nam a2200277Ia 4500
005 20260324150014.0
008 008 260324s9999 xx 000 0 eng d
020 _a9781315640327
037 _aEBOOK
040 _aCRL
040 _beng
040 _cCRL
041 _2eng
041 _aeng
084 _qCRL
100 _aJohn Blundell
_91224939
245 0 _aPhysiological Psychology
260 _bTaylor and Francis
260 _c1975
365 _a
365 _b180
856 _uhttp://www.taylorfrancis.com/books/9781315640327
942 _cEBOOK
999 _c1833666
_d1833666